| 000 | 00777nam a2200121Ia 4500 | ||
|---|---|---|---|
| 008 | 220620s9999||||xx |||||||||||||| ||und|| | ||
| 245 | 0 | _aPrinciples and Practice of Case-based Clinical Reasoning Education: A Method for Preclinical Students | |
| 546 | _aEnglish[eng] | ||
| 650 | _aassessment of clinical reasoning||diagnostic bias||diagnostic errors||dual process theory||scripts||medical problem-solving||peer teaching||problem-based learning||semantic qualifiers | ||
| 700 | _aten Cate, Olle||Custers, Eugène J.F.M.||Durning, Steven J. | ||
| 856 | _uhttps://library.oapen.org/bitstream/20.500.12657/27745/1/1002260.pdf||https://library.oapen.org/bitstream/20.500.12657/27745/1/1002260.pdf||https://library.oapen.org/bitstream/20.500.12657/27745/1/1002260.pdf | ||
| 942 | _cEB | ||
| 999 |
_c23976 _d23976 |
||